000 00534nam a2200181Ia 4500
005 20250326143205.0
008 250326s9999 xx 000 0 und d
037 _aTextbook
040 _aFMSL
_beng
_cFMSL
041 _aeng
_2eng
084 _aX:71 P1
_qFMSL
100 _aCourtney H
_9747343
245 0 _a2020 Foresight : Crafting strategy in an uncertain world
_cCourtney H
260 _aBoston
_bBoston, Harvard Business School Press
_c2001
300 _a203p
942 _cTB
_hX:71 P1
999 _c1298520
_d1298520